| 000 | 00467nam a2200157 a 4500 | ||
|---|---|---|---|
| 001 | 000047116 | ||
| 005 | 20201002053353.0 | ||
| 008 | 180417s2015 dr a 000 spa d | ||
| 020 | _a9789945123531 | ||
| 040 |
_aDO-SdBNP _bspa _cBNPHU |
||
| 082 |
_axxx _bS939f |
||
| 100 |
_aSuárez, Manuel Ángel _974910 |
||
| 245 | 0 |
_aFormación integral, humana y religiosa 3 :. : _bnivel primario. |
|
| 260 |
_aSanto Domingo : _bSusaeta, _c2015. |
||
| 300 |
_a128 p. : _bil ; _c28 cm. |
||
| 999 |
_c46604 _d46604 |
||